书目信息 |
| 题名: |
预应力结构理论与应用
|
|
| 作者: | 房贞政 编著 | |
| 分册: | ||
| 出版信息: | 北京 中国建筑工业出版社 2005.12 |
|
| 页数: | 10, 322页 | |
| 开本: | 29cm | |
| 丛书名: | ||
| 单 册: | ||
| 中图分类: | TU378 | |
| 科图分类: | ||
| 主题词: | 预应力结构--yu ying li jie gou | |
| 电子资源: | ||
| ISBN: | 978-7-112-07771-7 | |
| 000 | 00905nam0 2200241 450 | |
| 001 | 012008506128 | |
| 005 | 20080118084648.68 | |
| 010 | @a978-7-112-07771-7@dCNY43.00 | |
| 100 | @a20080118d2005 em y0chiy0120 ea | |
| 101 | 0 | @achi |
| 102 | @aCN@b110000 | |
| 105 | @aak a 000yy | |
| 106 | @ar | |
| 200 | 1 | @a预应力结构理论与应用@Ayu ying li jie gou li lun yu ying yong@f房贞政编著@Ffang zhen zheng bian zhu |
| 210 | @a北京@c中国建筑工业出版社@d2005.12 | |
| 215 | @a10, 322页@c图@d29cm | |
| 320 | @a有书目 | |
| 330 | @a本书讲述了预应力结构的理论及其工程应用。书中内容着重于部分预应力混凝土结构、无粘结预应力混凝土结构、预应力混凝土超静定结构、预应力混凝土结构的抗震理论和试验研究,并介绍了预应力钢—混凝土组合结构。 | |
| 606 | 0 | @a预应力结构@Ayu ying li jie gou |
| 690 | @aTU378@v4 | |
| 701 | 0 | @a房贞政@Afang zhen zheng@4编著 |
| 801 | 0 | @aCN@bQSSK@c20080118 |
| 905 | @b279262-64@dTU378@eF293@f3 | |
| 预应力结构理论与应用/房贞政编著.-北京:中国建筑工业出版社,2005.12 |
| 10, 322页:图;29cm |
| ISBN 978-7-112-07771-7:CNY43.00 |
| 本书讲述了预应力结构的理论及其工程应用。书中内容着重于部分预应力混凝土结构、无粘结预应力混凝土结构、预应力混凝土超静定结构、预应力混凝土结构的抗震理论和试验研究,并介绍了预应力钢—混凝土组合结构。 |
| ● |
| 相关链接 |
|
|
|
正题名:预应力结构理论与应用
索取号:TU378/F293
 
预约/预借
| 序号 | 登录号 | 条形码 | 馆藏地/架位号 | 状态 | 备注 |
| 1 | 279262 | 202792629 | 建筑库101/ [索取号:TU378/F293] |
已借出,限还日期为2012.10.08 借出人:满媛 |
|
| 2 | 279263 | 202792638 | 建筑库101/101建筑库 89排1列3层/ [索取号:TU378/F293] | 在馆 | |
| 3 | 279264 | 202792647 | 建筑库101/101建筑库 89排1列3层/ [索取号:TU378/F293] | 在馆 |